| 000 | 01899cam a22004574i 4500 | ||
|---|---|---|---|
| 003 | PE-LiUPU | ||
| 005 | 20250731175634.0 | ||
| 008 | 150625s2005 inu r 000 0 spa d | ||
| 020 | _a157506944X | ||
| 020 | _a9781575069449 | ||
| 035 | _a(Sirsi) i9781575069241 | ||
| 040 |
_aPE-LiUPU _bspa _cPE-LiUPU _erda |
||
| 049 | _aPRUA | ||
| 082 | 0 | 4 |
_a492.1 _bH87 _221 |
| 100 | 1 |
_aHuehnergard, John , _eautor. |
|
| 245 | 1 | 0 |
_aKey to a gramar of akkadian / _cJohn Huehnergard. |
| 250 | _a2a edición. | ||
| 264 | 1 |
_aWinona Lake, Indiana : _bEisenbrauns, _c2005. |
|
| 300 |
_a137 páginas ; _c24 centímetros |
||
| 336 |
_atext _2rdacontent |
||
| 337 |
_aunmediated _2rdamedia |
||
| 338 |
_avolume _2rdacarrier |
||
| 490 | 0 |
_aHarvard Semitic studies ; _v46 |
|
| 505 | 0 | _aLesson one -- Lesson two -- Lesson three -- Lesson four -- Lesson five -- Lesson six -- Lesson seven -- Lesson eight -- Lesson nine -- Lesson ten -- Lesson eleven -- Lesson twelve. | |
| 526 | _aP145 | ||
| 526 | _aP127 | ||
| 526 | _aP97 | ||
| 526 | _aP35 | ||
| 526 | _aP14 | ||
| 526 | _aP07 | ||
| 541 | _g001-0000405; | ||
| 650 | 0 | 4 |
_aLengua acadia _xGramatica. |
| 910 |
_aadm _bksl _cksl _d20190311 |
||
| 942 |
_2ddc _cBOOK |
||
| 949 |
_a492.1 H87K _wDEWEY _c1 _i59048 _lCCODEBUL1 _mBUL _p28.00 _r0 _sY _tBOOK _u2015-6-25 _xTEOLOGIA _zUNKNOWN _0COMPRA _o.STAFF. Colección General |
||
| 994 |
_aC0 _bPEPRU |
||
| 596 | _a1 | ||
| 999 |
_a492.1 H87 _wDEWEY _c47878 _i59048 _f2021-11-11 _g5 _lCCODEBUL1 _mBUL _p28.00 _r0 _sY _tBOOK _u2015-6-25 _xTEOLOGIA _zUNKNOWN _0COMPRA _o.STAFF. Colección General _d47878 |
||
| 999 |
_a492.1 H87 _wDEWEY _c2 _i80023 _f2021-11-11 _g3 _lCCODEBUL1 _mBUL _p37.73 _r0 _sY _tBOOK _u2019-3-11 _xTEOLOGIA _PP35 _0COMPRA _o.STAFF. Colección Teología |
||
| 980 |
_81 _gALBERTO SANCHEZ Responsable de Automatización |
||